| 000 | 00665nam a22002057a 4500 | ||
|---|---|---|---|
| 003 | OSt | ||
| 005 | 20250704070744.0 | ||
| 008 | 250704b |||||||| |||| 00| 0 eng d | ||
| 020 | _a978-621-478-059-5 | ||
| 040 |
_aDWC- Main Lib _cOC |
||
| 082 | _aFil. 610.734 3 M276c 2025 | ||
| 100 | _aManford, Karla S. | ||
| 245 |
_aCommunity health nursing 1: _bindividual and family as clients/ _cKarla S. Manford |
||
| 260 |
_aManila, Philippines: _b EDRIC Publishing House, _cc2025. |
||
| 300 |
_a132 pages: _billustrations; _c21 cm. |
||
| 504 | _aIncludes appendix and bibliography. | ||
| 650 | _a1. Nursing | ||
| 650 | _a2. Home nursing | ||
| 942 |
_2ddc _cBK - FIL _kFil. _n0 |
||
| 999 |
_c3394 _d3394 |
||